| 000 | 00337nam a2200145Ia 4500 | ||
|---|---|---|---|
| 008 | 230917s9999||||xx |||||||||||||| ||und|| | ||
| 040 |
_e132513 _aMAIN |
||
| 041 | _aEnglish | ||
| 082 | _a330.1 V197A | ||
| 100 | _aVaish, M C | ||
| 245 | 0 | _aAadhunik aarthik siddhant | |
| 260 |
_aDelhi _bVikas _c1971 |
||
| 300 | _a521 p. | ||
| 942 | _cBK | ||
| 999 |
_c130508 _d130508 |
||